Greenville–Spartanburg Int. Airport Destinations (Greer, SC, USA) - Statistics

General Stats
  • This quiz has been taken 65 times
    32 since last reset
  • The average score is 23 of 29
Answer Stats
Airline Destination % Correct
Delta Air Lines Atlanta
96%
American Airlines/American Eagle Charlotte
96%
American Airlines/American Eagle Dallas/Fort Worth
96%
Breeze Airways Orlando
96%
Allegiant Air Orlando/Sanford
96%
United Express Washington (Dulles)
96%
American Eagle Washington (National)
96%
American Eagle/United Airlines/United Express Chicago (O'Hare)
92%
Delta Air Lines/Delta Connection Detroit
92%
Southwest Airlines Houston (Hobby)
92%
United Airlines Houston (Intercontinental)
92%
American Eagle Miami
92%
Southwest Airlines Baltimore
88%
Southwest Airlines/United Express Denver
88%
Allegiant Air Fort Lauderdale
88%
United Airlines/United Express Newark
88%
American Eagle/Delta Connection New York (LaGuardia)
88%
American Eagle Philadelphia
84%
Southwest Airlines Nashville
76%
Breeze Airways Tampa
76%
Breeze Airways Fort Myers
72%
Breeze Airways Pittsburgh
64%
Allegiant Air Sarasota
60%
Breeze Airways Los Angeles
52%
Breeze Airways Hartford
48%
Allegiant Air St. Petersburg/Clearwater
48%
Avelo Airlines New Haven
40%
Breeze Airways Providence
36%
Breeze Airways White Plains
32%
No matching quizzes found
Score Distribution
Percent of People with Each Score
Percentile by Number Answered
Your Score History
You have not taken this quiz since the last reset